| 000 | 00474nam a22001697a 4500 | ||
|---|---|---|---|
| 003 | NUST - PNEC | ||
| 005 | 20170116181137.0 | ||
| 008 | 151007b xxu||||| |||| 00| 0 eng d | ||
| 020 | _a8179921921 | ||
| 040 | _cLIBRARY | ||
| 082 | _a629.8 LYS | ||
| 100 |
_914398 _aLyshevski, Sergey Edward |
||
| 245 |
_aControl systems theory with engineering applications _cSergey Edward,Lyshevski |
||
| 260 | _cc 2003 | ||
| 650 |
_914400 _aControl theory _xGeneral |
||
| 942 |
_2ddc _cBK |
||
| 999 |
_c70302 _d70302 |
||